Colección general de los trages que en la actualidad se usan en España principiada en el 1801 en Madrid / (Record no. 181642)

MARC details
000 -LEADER
campo de control de longitud fija 01081nam a2200253 i 4500
001 - NÚMERO DE CONTROL
campo de control 181642
003 - IDENTIFICADOR DE NÚMERO DE CONTROL
campo de control ES-MaACL
005 - FECHA Y HORA DE LA ÚLTIMA TRANSACCIÓN
campo de control 20251011063158.0
008 - DATOS DE LONGITUD FIJA--INFORMACIÓN GENERAL
campo de control de longitud fija 130227s1973 sp f |||| | spa d
020 ## - NÚMERO INTERNACIONAL ESTÁNDAR DEL LIBRO
Número Internacional Estándar del Libro 84-500-6211-X
080 ## - NÚMERO DE LA CLASIFICACIÓN DECIMAL UNIVERSAL
Número de la Clasificación Decimal Universal 76 Rodríguez, A.
080 ## - NÚMERO DE LA CLASIFICACIÓN DECIMAL UNIVERSAL
Número de la Clasificación Decimal Universal 391(460)"17/18"(084)
100 1# - ENTRADA PRINCIPAL--NOMBRE DE PERSONA
Nombre de persona Rodríguez, Antonio,
Fechas asociadas al nombre 1765-ca. 1823
9 (RLIN) 148057
245 10 - MENCIÓN DEL TÍTULO
Título Colección general de los trages que en la actualidad se usan en España principiada en el 1801 en Madrid /
Mención de responsabilidad, etc. la publica La Sociedad de Bibliófilos Españoles ; con una introducción por Julián Gallego.
260 ## - PUBLICACIÓN, DISTRIBUCIÓN, ETC.
Lugar de publicación, distribución, etc. Madrid :
Nombre del editor, distribuidor, etc. Sociedad de Bibliófilos Españoles,
Fecha de publicación, distribución, etc. 1973.
300 ## - DESCRIPCIÓN FÍSICA
Extensión XVII p., [117] h. de lám. ;
Dimensiones 25 cm.
490 1# - MENCIÓN DE SERIE
Mención de serie Sociedad de Bibliófilos Españoles.
-- Tercera época ;
Designación de volumen o secuencia 9
650 #4 - PUNTO DE ACCESO ADICIONAL DE MATERIA--TÉRMINO DE MATERIA
Término de materia o nombre geográfico como elemento de entrada Traje-
Subdivisión geográfica España-
Subdivisión cronológica XIX.
9 (RLIN) 17621
700 1# - ENTRADA AGREGADA--NOMBRE PERSONAL
Nombre de persona Gállego, Julián,
Fechas asociadas al nombre 1919-2006
9 (RLIN) 53537
710 2# - ENTRADA AGREGADA--NOMBRE DE ENTIDAD CORPORATIVA
Nombre de entidad corporativa o nombre de jurisdicción como elemento de entrada Sociedad de Bibliófilos Españoles.
9 (RLIN) 6661
830 00 - PUNTO DE ACCESO ADICIONAL DE SERIE-TÍTULO UNIFORME
Título uniforme Sociedad de Bibliófilos Españoles. Tercera época
Designación de volumen o secuencia 9
9 (RLIN) 191518
852 ## - LOCALIZACIÓN
Ubicación ES-MaACL
Número de control de estantería J-7(III-9)
Holdings
Estatus retirado Estado de pérdida Estado de daño No para préstamo Biblioteca de origen Biblioteca actual Ubicación en estantería Fecha de adquisición Fuente de adquisición Total de préstamos Signatura topográfica completa Código de barras Visto por última vez Precio de reemplazo Tipo de ítem Koha
        Biblioteca del Ateneo de Madrid Biblioteca del Ateneo de Madrid Depósito 2 27/02/2013     J-7(III-9) 1190890 23/02/2023 23/02/2023 Libro impreso